Sikh studies (Record no. 157835)

MARC details
000 -LEADER
fixed length control field 00680nam a2200241Ia 4500
003 - CONTROL NUMBER IDENTIFIER
control field OSt
005 - DATE AND TIME OF LATEST TRANSACTION
control field 20220918175515.0
008 - FIXED-LENGTH DATA ELEMENTS--GENERAL INFORMATION
fixed length control field 220917b |||||||| |||| 00| 0 eng d
037 ## - SOURCE OF ACQUISITION
Terms of availability Textual
040 ## - CATALOGING SOURCE
Original cataloging agency ARTS
Transcribing agency ARTS
Language of cataloging eng
041 ## - LANGUAGE CODE
Source of code eng
Language code of text/sound track or separate title eng
100 ## - MAIN ENTRY--PERSONAL NAME
Personal name Hakam Singh
9 (RLIN) 54224
245 #0 - TITLE STATEMENT
Title Sikh studies
Remainder of title a classified bibliography of printed books in English
260 ## - PUBLICATION, DISTRIBUTION, ETC.
Place of publication, distribution, etc. Patiala
Name of publisher, distributor, etc. Punjab Pub House
Date of publication, distribution, etc. 1982
300 ## - PHYSICAL DESCRIPTION
Extent x,241p.
Dimensions cm.
650 ## - SUBJECT ADDED ENTRY--TOPICAL TERM
Topical term or geographic name entry element SIKHISM
9 (RLIN) 25885
942 ## - ADDED ENTRY ELEMENTS (KOHA)
Classification part Q8441a14, M2 (BB)
Koha item type Textual
Source of classification or shelving scheme Colon Classification (CC)
Holdings
Withdrawn status Lost status Damaged status Not for loan Home library Current library Date acquired Total Checkouts Full call number Barcode Date last seen Price effective from Koha item type
        Arts Library Arts Library 2022-09-18   Q8441a14 M2 (BB) AL0779292 2022-09-18 2022-09-18 Textual
Copyright @ Delhi University Library System